[Event "Bucharest Fest IM"]
[Site "Bucharest"]
[Date "1998.??.??"]
[Round "?"]
[White "Brajovic, Radovan"]
[Black "Covlea, Vlad"]
[Result "1/2-1/2"]
[WhiteElo "2320"]
[BlackElo "2250"]

1.e4 d6 2.d4 Nf6 3.Nc3 c6 4.a4 Qa5 5.f3 e5 6.Be3 Nbd7 7.Qd2 Be7 8.Nge2 O-O
9.Nc1 d5 10.Nb3 Qb4 11.exd5 Nxd5 12.Nxd5 Qxd2+ 13.Bxd2 cxd5 14.dxe5 Nxe5
15.O-O-O Nc6 16.Bc3 Be6 17.Nd4 Nxd4 18.Bxd4 a6 19.g3 Rac8 20.Bd3 Bc5 21.Bxc5 Rxc5
22.Kd2 g6 23.Rhe1 Rfc8 24.Re5 a5 25.g4 Bd7 26.b3 Be6 27.Ke3 b6 28.Rd2 Kg7
29.Kd4 R8c6 30.h3 f6 31.Re1 Bf7 32.Rde2 Rc7 33.f4 Kf8 34.h4 Rd7 35.f5 Rcc7
36.g5 fxg5 37.hxg5 Re7 38.Rxe7 Rxe7 39.Rxe7 Kxe7 40.fxg6 hxg6 41.Ke5 d4 42.Be4 Be8
43.Kxd4 Kd6 44.c3 Ke6 45.Bc2 Kd6 46.b4 Bf7 47.bxa5 bxa5 48.Bd3 Bb3 49.c4 Bxa4
50.Bxg6 Ke6 51.Bd3 Be8 52.Kc5 Ke5 53.Bb1 Bd7 54.Kb6 a4 55.Kc5 a3 56.Kb4 Be6  1/2-1/2

[Event "Bucharest Fest IM"]
[Site "Bucharest"]
[Date "1998.??.??"]
[Round "?"]
[White "Burnoiu, Costel"]
[Black "Covlea, Vlad"]
[Result "0-1"]
[WhiteElo "2230"]
[BlackElo "2250"]

1.e4 d6 2.d4 Nf6 3.Nc3 c6 4.a4 Qa5 5.Qd3 Na6 6.Ne2 Nb4 7.Qd2 Nxe4 8.Nxe4 Nxc2+
9.Kd1 Qxd2+ 10.Bxd2 Nxa1 11.Bc3 Nb3 12.Kc2 Bf5 13.Ng3 Be6 14.Nh5 b6 15.Ba6 Rb8
16.Re1 Na5 17.b4 Nb7 18.b5 c5 19.d5 Bf5 20.Bxg7 Bxe4+ 21.Rxe4 Bxg7 22.Nxg7+ Kd7
23.Bxb7 Rxb7 24.Rf4 f6 25.Ne6 Rbb8 26.Kb3 Ra8 27.h4 Rhg8 28.g4 h6 29.f3 a6
30.bxa6 Rxa6 31.Re4 Rb8 32.Ng7 b5 33.Nf5 bxa4+ 34.Ka2 a3 35.Rxe7+ Kd8 36.Re2 Rab6
37.Nxh6 Rb2+ 38.Rxb2 axb2 39.Kb1 c4 40.Nf5 c3 41.Nd4 Ra8 42.Nb3 Ra3  0-1

[Event "Bucharest Fest IM"]
[Site "Bucharest"]
[Date "1998.??.??"]
[Round "?"]
[White "Bagonyai, Attila"]
[Black "Covlea, Vlad"]
[Result "1-0"]
[WhiteElo "2315"]
[BlackElo "2250"]

1.e4 d6 2.d4 Nf6 3.Nc3 c6 4.f4 Qa5 5.e5 Ne4 6.Bd3 Nxc3 7.Qd2 dxe5 8.fxe5 g6
9.bxc3 Bf5 10.Bxf5 gxf5 11.e6 fxe6 12.Nf3 Nd7 13.O-O O-O-O 14.Qe2 Bg7 15.Qxe6 Qxc3
16.Bf4 Bxd4+ 17.Kh1 Bf6 18.Rad1 Qb4 19.c4 Qa4 20.Be3 Qc2 21.c5 Rhg8 22.Rd2 Qe4
23.Qb3 b5 24.cxb6 Nxb6 25.Bxb6 axb6 26.Re1 Qg4 27.Rc2 Kb7 28.Rb1 Bd4 29.Qe6 Qe4
30.Qb3 Qd5 31.Qb4 Rg7 32.Rd2 Qc5 33.Rxd4 Qxb4 34.Rdxb4 b5 35.a4 Rd5 36.axb5 cxb5
37.Rxb5+ Kc6 38.Ne5+ Kd6 39.Nc4+ Ke6 40.Re1+  1-0

[Event "Bucharest Fest GM (Women)"]
[Site "Bucharest"]
[Date "1998.??.??"]
[Round "?"]
[White "Zatonskih, Anna"]
[Black "Ionescu Brandis, Irina"]
[Result "1-0"]
[WhiteElo "2320"]
[BlackElo "2345"]

1.e4 d6 2.d4 Nf6 3.Nc3 c6 4.f3 Nbd7 5.Be3 e5 6.Qd2 Be7 7.O-O-O a6 8.g4 b5
9.Nce2 Nb6 10.Ng3 Qc7 11.Kb1 h6 12.h4 Be6 13.Nh3 O-O-O 14.g5 Ng8 15.f4 exf4
16.Nxf4 Bg4 17.Be2 Bxe2 18.Qxe2 g6 19.Nd3 Bf8 20.e5 Nd5 21.Ne4 Nxe3 22.Qxe3 d5
23.Nec5 a5 24.Qh3+ Rd7  1-0

[Event "Primavara (Women)"]
[Site "Bucharest"]
[Date "1998.??.??"]
[Round "4"]
[White "Vasiesiu, Cristina"]
[Black "Ionescu Brandis, Irina"]
[Result "0-1"]
[WhiteElo "2225"]
[BlackElo "2330"]

1.e4 d6 2.d4 Nf6 3.Nc3 e5 4.f3 exd4 5.Qxd4 Nc6 6.Bb5 Be7 7.Be3 O-O 8.Qd2 Ne5
9.g4 Be6 10.g5 Nh5 11.b3 f5 12.gxf6 Bxf6 13.O-O-O a6 14.Be2 Ng6 15.Nd5 Be5
16.Kb1 Nhf4 17.Bc4 Kh8 18.Ne2 Bxd5 19.exd5 b5 20.Bd3 Nxe2 21.Bxe2 Nf4 22.Rhg1 Qf6
23.Bxf4 Bxf4 24.Qb4 Rae8 25.Bd3 Be3 26.Rg3 Qh6 27.Qg4 Qf6 28.Qh5 Bh6 29.Be4 a5
30.Rdg1 a4 31.Rxg7 Rxe4 32.R7g6 Re1+ 33.Rxe1 Qxg6 34.Qh3 a3 35.Re6 Qg1+  0-1

[Event "Primavara (Women)"]
[Site "Bucharest"]
[Date "1998.??.??"]
[Round "7"]
[White "Moshina, Cristina"]
[Black "Ionescu Brandis, Irina"]
[Result "1/2-1/2"]
[WhiteElo "2135"]
[BlackElo "2330"]

1.e4 d6 2.d4 Nf6 3.Nc3 e5 4.dxe5 dxe5 5.Qxd8+ Kxd8 6.Bc4 Be6 7.Bxe6 fxe6
8.f3 Nc6 9.Be3 Bd6 10.O-O-O Ke7 11.Nh3 a6 12.Nf2 h6 13.Kb1 Raf8 14.Nd3 Nh5
15.Bc5 g5 16.Ne2 Rhg8 17.g4 Ng7 18.Rhf1 Rf7 19.c3 Rgf8 20.Ng1 Ne8 21.Be3 Nf6
22.Rfe1 Nd7 23.b3 b5 24.Re2 Kd8 25.Nc5 Nxc5 26.Bxc5 Rd7 27.Red2 Kc8 28.Be3 Rh7
29.b4 Kb7 30.Rb2 Ne7 31.a4 Ng6 32.axb5 axb5 33.c4 bxc4 34.b5 Nf4 35.Ra2 Ra8
36.Rxa8 Kxa8 37.Kc2 Kb7 38.Ra1 Rh8 39.Kc3 h5 40.h3 hxg4 41.hxg4  1/2-1/2

[Event "Budapest FS06 GM"]
[Site "Budapest"]
[Date "1998.??.??"]
[Round "3"]
[White "Acs, Peter"]
[Black "Lorscheid, Gerhard"]
[Result "1-0"]
[WhiteElo "2450"]
[BlackElo "2315"]

1.e4 d6 2.d4 Nf6 3.Nc3 e5 4.Nf3 Nbd7 5.Bc4 Be7 6.O-O O-O 7.Re1 c6 8.a4 b6
9.Bg5 a6 10.d5 c5 11.Bf1 Ne8 12.Be3 g6 13.g3 Ng7 14.Nd2 f5 15.exf5 gxf5 16.f4 Bf6
17.Nc4 Qc7 18.fxe5 Nxe5 19.Bf4 Nxc4 20.Bxc4 Bb7 21.Qf3 Rae8 22.Qd3 Bd4+ 23.Kg2 Ne6
24.Bh6 Rf6 25.Be3 Qf7 26.Kg1 Ng5 27.Bxd4 Rxe1+ 28.Rxe1 cxd4 29.h4 Nh3+ 30.Kg2 dxc3
31.Qxc3 f4 32.Kxh3 Bc8+ 33.Kh2 fxg3+ 34.Qxg3+ Kf8 35.Re2 Rf4 36.Bd3 Qf6 37.Re4 Rf3
38.Qg5 Rh3+ 39.Kg1  1-0

[Event "Budapest FS09 IM-B"]
[Site "Budapest"]
[Date "1998.??.??"]
[Round "3"]
[White "Farago, Sandor"]
[Black "Bergstrom, Rolf"]
[Result "1/2-1/2"]
[WhiteElo "2335"]
[BlackElo "2295"]

1.e4 d6 2.d4 Nf6 3.Nc3 Nbd7 4.Nf3 e5 5.Be2 Be7 6.O-O c6 7.a4 b6 8.b3 O-O
9.Bb2 a6 10.Ne1 Bb7 11.dxe5 dxe5 12.Nd3 Qc7 13.Bf3 Rfe8 14.g3 c5 15.Qe2 c4
16.bxc4 Qxc4 17.Bg2 Bf8 18.g4 Nc5 19.Rfe1 Nfd7 20.Nxc5 Qxe2 21.Rxe2 Bxc5
22.Nd5 Rac8 23.g5 Nf8 24.Rd2 Ne6 25.h4 Nf4 26.Nxf4 exf4 27.e5 f3 28.Bh3 Rcd8
29.Bd7 Bb4 30.Rdd1 Rf8 31.Rd4 Bc5 32.Rd2 Bb4 33.Rd4 Bc5 34.Rd2 Bb4  1/2-1/2

[Event "Budapest Nyar op"]
[Site "Budapest"]
[Date "1998.??.??"]
[Round "5"]
[White "Shushpanova, Nina"]
[Black "Szirmai, Eduard"]
[Result "0-1"]
[WhiteElo "2050"]
[BlackElo "2170"]

1.e4 d6 2.d4 Nf6 3.Nc3 c6 4.f3 Nbd7 5.Be3 e5 6.Nge2 Be7 7.Qd2 O-O 8.O-O-O b5
9.Ng3 Nb6 10.dxe5 dxe5 11.Qxd8 Rxd8 12.Rxd8+ Bxd8 13.Be2 Be6 14.b3 Be7 15.Kb2 Rb8
16.f4 exf4 17.Bxf4 Re8 18.Bf3 Bc5 19.Nce2 Bg4 20.Rd1 h5 21.h3 Bxf3 22.gxf3 g6
23.Rd3 Rc8 24.Nd4 Nfd7 25.Be3 Nf8 26.Ndf5 Ne6 27.Bxc5 Nxc5 28.Rc3 Nca4+ 29.bxa4 Nxa4+
30.Kb3 gxf5 31.Nxf5 Kf8 32.Re3 a5 33.Ng3 Rd8 34.Nxh5 Rd1 35.Nf4 Rb1+ 36.Ka3 Nb6  0-1

[Event "Budapest FS06 GM"]
[Site "Budapest"]
[Date "1998.??.??"]
[Round "5"]
[White "Oral, Tomas"]
[Black "Lorscheid, Gerhard"]
[Result "1/2-1/2"]
[WhiteElo "2455"]
[BlackElo "2315"]

1.e4 d6 2.d4 Nf6 3.Nc3 e5 4.dxe5 dxe5 5.Qxd8+ Kxd8 6.Bg5 Be6 7.O-O-O+ Kc8
8.f4 exf4 9.Nge2 Nbd7 10.Nxf4 Bg4 11.Re1 Nh5 12.Nxh5 Bxh5 13.e5 Nc5 14.Nd5 Ne6
15.Nf4 Bg4 16.h3 Bf5 17.Nxe6 Bxe6 18.Be2 Bc5 19.Rhf1 h6 20.Bh4 Rf8 21.Bh5 c6
22.Bg3 Bd5 23.Bg4+ Kd8 24.e6 fxe6 25.Rxf8+ Bxf8 26.Bxe6 Bxe6 27.Rxe6 Kd7
28.Re4 Re8 29.Rxe8 Kxe8  1/2-1/2

[Event "Budapest FS09 IM-B"]
[Site "Budapest"]
[Date "1998.??.??"]
[Round "6"]
[White "Gara, Anita"]
[Black "Bergstrom, Rolf"]
[Result "1/2-1/2"]
[WhiteElo "2290"]
[BlackElo "2295"]

1.e4 d6 2.d4 Nf6 3.Nc3 Nbd7 4.Nf3 e5 5.Bc4 Be7 6.O-O O-O 7.Re1 c6 8.a4 Re8
9.Ba2 h6 10.h3 Qc7 11.Be3 Nf8 12.Nh4 Ne6 13.d5 Ng5 14.Qd3 Bd7 15.Rad1 Qc8
16.dxc6 bxc6 17.Bxg5 hxg5 18.Ng6 Bd8 19.h4 g4 20.h5 Be6 21.Bxe6 Rxe6 22.Nh4 Nxh5
23.Nf5 Bc7 24.Qe2 Nf6 25.Qe3 Nh7 26.Qg3 Qd8 27.Qxg4 Qg5 28.Qh3 Nf6 29.Re3 Nh5
30.Ne2 g6 31.Nh4 Kg7 32.Nf3 Qf6 33.Qg4 Bb6 34.Ng5 Bxe3 35.fxe3 Rf8 36.Rf1 Qe7
37.Nxe6+ Qxe6 38.Qg5 Rh8 39.g4 Nf6 40.Ng3 Nd7 41.Nf5+ Kf8 42.Qd8+ Qe8 43.Qxe8+ Kxe8
44.Nxd6+ Ke7 45.Nxf7 Rh4 46.g5 Rxe4 47.Rf3 Rxa4 48.Kf2 Ra2 49.Nh8 Nf8 50.Rf7+ Ke8
51.Rb7 Ra1 52.Nf7 Nd7 53.Nd6+ Kd8 54.Rb4 Ke7 55.Ne4 Nb6 56.Nc5 Ra5 57.Nd3 Ke6
58.Rg4 Kf5 59.Kg3 Ra1 60.e4+ Ke6 61.Kf2 Rh1 62.Rg2 Kd6 63.Kg3 c5 64.Rf2 Rg1+
65.Kh4 Rh1+ 66.Kg4 Rg1+ 67.Kh4 Rh1+  1/2-1/2

[Event "Budapest FS09 IM-B"]
[Site "Budapest"]
[Date "1998.??.??"]
[Round "8"]
[White "Senff, Martin"]
[Black "Bergstrom, Rolf"]
[Result "1/2-1/2"]
[WhiteElo "2395"]
[BlackElo "2295"]

1.e4 d6 2.d4 Nf6 3.Nc3 Nbd7 4.Nf3 e5 5.Bc4 Be7 6.O-O O-O 7.Re1 c6 8.a4 Re8
9.Ng5 Rf8 10.a5 exd4 11.Bxf7+ Rxf7 12.Ne6 Qe8 13.Nc7 Qd8 14.Ne6 Qe8 15.Nc7 Qd8  1/2-1/2

[Event "Budapest Nyar op"]
[Site "Budapest"]
[Date "1998.??.??"]
[Round "8"]
[White "Burghardt, J."]
[Black "Szirmai, Eduard"]
[Result "0-1"]
[WhiteElo "2155"]
[BlackElo "2170"]

1.e4 d6 2.d4 Nf6 3.Nc3 c6 4.f4 Qa5 5.Bd3 Bg4 6.Nf3 e5 7.dxe5 dxe5 8.fxe5 Nfd7
9.e6 Bxe6 10.O-O Be7 11.Kh1 O-O 12.Nd4 Ne5 13.Nxe6 fxe6 14.Rxf8+ Bxf8 15.Qh5 Nbd7
16.Bf4 Bd6 17.Qh3 Re8 18.Be2 Qb4 19.Rd1 Bb8 20.Qg3 Qe7 21.a3 Rf8 22.Bg5 Qf7
23.Qh3 Bc7 24.b4 Nb6 25.g3 Qe8 26.Bf4 Qe7 27.Bg4 Nxg4 28.Qxg4 Bxf4 29.gxf4 Nc4
30.Rg1 Nxa3 31.h4 Nxc2 32.h5 h6 33.b5 Nd4 34.bxc6 bxc6 35.Na4 Rf7 36.Rd1 Qb4  0-1

[Event "Calcutta"]
[Site "Calcutta"]
[Date "1998.??.??"]
[Round "6"]
[White "Kunte, Abhijit"]
[Black "Komliakov, Viktor"]
[Result "1-0"]
[WhiteElo "2460"]
[BlackElo "2510"]

1.e4 d6 2.d4 Nf6 3.Nc3 e5 4.dxe5 dxe5 5.Qxd8+ Kxd8 6.Bc4 Be6 7.Bxe6 fxe6
8.f3 a6 9.Nh3 Bd6 10.Nf2 Nbd7 11.Ncd1 Nh5 12.Ne3 Rf8 13.Nc4 h6 14.a4 Nb8
15.Be3 Nc6 16.c3 Nf4 17.O-O Ke7 18.a5 g5 19.g3 Rg8 20.Kh1 Nh5 21.b4 Nf6 22.Kg2 h5
23.Rab1 Na7 24.Nd3 Nd7 25.Bc5 Nb5 26.Rbc1 Bxc5 27.bxc5 Kf6 28.Kf2 Rab8 29.Ke3 Na7
30.Rb1 Nc6 31.Rb2 h4 32.g4 Nd8 33.Rfb1 Ra8 34.Rxb7 Nxb7 35.Rxb7 Rac8 36.c6 Nb8
37.Ndxe5 Rgd8 38.Ke2 h3 39.Ke1 Rf8 40.Kf2 Rfd8 41.Kg3 Rd1 42.Kxh3 Ke7 43.Kg3 Kf6
44.h4 gxh4+ 45.Kxh4  1-0

[Event "Calcutta"]
[Site "Calcutta"]
[Date "1998.??.??"]
[Round "11"]
[White "Yurtaev, Leonid"]
[Black "Komliakov, Viktor"]
[Result "1-0"]
[WhiteElo "2520"]
[BlackElo "2510"]

1.e4 d6 2.d4 Nf6 3.Nc3 e5 4.Nf3 Nbd7 5.Bc4 Be7 6.O-O c6 7.a4 h6 8.Re1 Qc7
9.h3 Nf8 10.Be3 g5 11.dxe5 dxe5 12.Nxe5 Qxe5 13.Bd4 Qa5 14.e5 Nd5 15.e6 f6
16.Nxd5 cxd5 17.Bb5+ Kd8 18.Bc3 Qb6 19.Qxd5+ Kc7 20.a5 Qd6 21.Qxd6+ Bxd6
22.e7 Bd7 23.exf8=Q Rhxf8 24.Bxd7 Kxd7 25.Rad1 Rad8 26.Bb4 Kc7 27.Rxd6  1-0

[Event "Cap d'Agde op"]
[Site "Cap d'Agde"]
[Date "1998.??.??"]
[Round "6"]
[White "Finkel, Alexander"]
[Black "Bezold, Michael"]
[Result "1/2-1/2"]
[WhiteElo "2500"]
[BlackElo "2490"]

1.e4 d6 2.d4 Nf6 3.Nc3 e5 4.Nf3 Nbd7 5.Bc4 Be7 6.O-O O-O 7.a4 c6 8.Qe2 b6
9.Rd1 Qc7 10.h3 a6 11.d5 c5 12.b3 Kh8 13.Kh2 Ng8 14.Bd3 g6 15.g4 Qd8 16.Rg1 Ndf6
17.Bd2 Ne8 18.Rg2 Nc7 19.Nd1 Bd7 20.Ne3 b5 21.c3 Rb8 22.Rgg1 Ne8 23.Rg3 Ng7
24.Qf1 Qe8 25.Qg2 Bd8 26.axb5 axb5 27.Kh1 Bb6  1/2-1/2

[Event "Cappelle op"]
[Site "Cappelle la Grande"]
[Date "1998.??.??"]
[Round "5"]
[White "De Vreugt, Dennis"]
[Black "Rashkovsky, Nukhim N"]
[Result "0-1"]
[WhiteElo "2380"]
[BlackElo "2505"]

1.e4 d6 2.d4 Nf6 3.Nc3 c6 4.Nf3 Bg4 5.h3 Bh5 6.Bg5 Qa5 7.Qd2 Nbd7 8.Be2 e5
9.O-O Be7 10.dxe5 dxe5 11.a3 Qc7 12.Nh4 Bxe2 13.Qxe2 g6 14.Bh6 Nh5 15.Nf5 Bf8
16.g3 O-O-O 17.Bxf8 Nxf8 18.Nh6 Ne6 19.b4 Nd4 20.Qg4+ Kb8 21.Rac1 f5 22.Nxf5 Nf6
23.Nxd4 Nxg4 24.Ne6 Qd7 25.Nxd8 Nf6  0-1

[Event "Castellaneta op"]
[Site "Castellaneta"]
[Date "1998.??.??"]
[Round "4"]
[White "Quimi, Marco"]
[Black "Sibilio, Mario"]
[Result "1/2-1/2"]
[WhiteElo "2225"]
[BlackElo "2330"]

1.e4 d6 2.d4 Nf6 3.Nc3 c6 4.f4 Qa5 5.e5 Ne4 6.Bd3 Nxc3 7.Qd2 e6 8.bxc3 c5
9.Ne2 d5 10.c4 Qxd2+ 11.Bxd2 dxc4  1/2-1/2

[Event "Ceske Budejovice op"]
[Site "Ceske Budejovice"]
[Date "1998.??.??"]
[Round "?"]
[White "Starostits, Andris"]
[Black "Krapivin, Vladislav"]
[Result "1-0"]
[WhiteElo "2140"]
[BlackElo "2375"]

1.e4 d6 2.d4 Nf6 3.Nc3 e5 4.dxe5 dxe5 5.Qxd8+ Kxd8 6.Bg5 c6 7.O-O-O+ Ke8
8.Bc4 Be6 9.Bxe6 fxe6 10.f3 Nbd7 11.Nh3 Bc5 12.Na4 Be7 13.Be3 h6 14.Nf2 b5
15.Nc3 Nb6 16.Nd3 Nfd7 17.Kb1 g5 18.Bf2 b4 19.Ne2 c5 20.Bg3 Bf6 21.h4 Ke7
22.hxg5 hxg5 23.Nf2 Rxh1 24.Rxh1 Rh8 25.Rxh8 Bxh8 26.Ng4 Nc4 27.Ng1 Nd6 28.Nh3 Nf7
29.Kc1 Kd6 30.Kd2 Nf8 31.Bf2 Ng6 32.g3 Nf8 33.Be3 Nh7 34.Kd3 Kc6 35.Kc4 Nd6+
36.Kb3 Kb5 37.a4+ bxa3 38.bxa3 Nf7 39.Nhf2 c4+  1-0

[Event "Chania op"]
[Site "Chania"]
[Date "1998.??.??"]
[Round "4"]
[White "Zahariev, Zahari"]
[Black "Ruck, Robert"]
[Result "1/2-1/2"]
[WhiteElo "2415"]
[BlackElo "2450"]

1.e4 d6 2.d4 Nf6 3.Nc3 Nbd7 4.f3 e5 5.Nge2 Be7 6.Be3 c6 7.Qd2 Nb6 8.dxe5 dxe5
9.Qxd8+ Bxd8 10.b3 Be7 11.a4 Be6 12.O-O-O O-O 13.Kb2 Rfd8 14.Rxd8+ Rxd8 15.Nc1 Nfd7
16.Be2 Bc5 17.Bxc5 Nxc5 18.Rd1 Rxd1 19.Nxd1 Kf8 20.Ne3 Ke7 21.Nd3  1/2-1/2

[Event "Chemnitz op"]
[Site "Chemnitz"]
[Date "1998.??.??"]
[Round "7"]
[White "Kulaots, Kaido"]
[Black "Lorenz, Gerd"]
[Result "1-0"]
[WhiteElo "2450"]
[BlackElo "2325"]

1.e4 d6 2.d4 Nf6 3.Nc3 e5 4.Nf3 Nbd7 5.Bc4 Be7 6.O-O O-O 7.Re1 Nb6 8.Bf1 exd4
9.Nxd4 c5 10.Nf3 d5 11.exd5 Nfxd5 12.Nxd5 Nxd5 13.Qe2 Be6 14.Qe4 Nb4 15.c3 Nc6
16.Bd3 g6 17.Bc4 Bf5 18.Qe3 Na5 19.Qxe7 Nxc4 20.Qxc5 Qd3 21.Bh6 Rfd8 22.Ne5 Nxe5
23.Qxe5 f6 24.Qxf6 Rd7 25.h3 Rad8 26.Re3 Qd6 27.Qg5 Qa6 28.Rae1 Qxa2 29.Re8+ Rxe8
30.Rxe8+ Kf7 31.Rf8+ Ke6 32.Qf6+ Kd5 33.Qd4+ Kc6 34.Rf6+ Be6 35.Qe4+ Kd6
36.Bf8+  1-0

[Event "South America zt"]
[Site "Cordoba"]
[Date "1998.??.??"]
[Round "7"]
[White "Barria, Daniel"]
[Black "Toloza, Pablo"]
[Result "1/2-1/2"]
[WhiteElo "2305"]
[BlackElo "2350"]

1.e4 d6 2.d4 Nf6 3.Nc3 e5 4.Nf3 Nbd7 5.Bc4 Be7 6.O-O O-O 7.Re1 c6 8.a4 b6
9.d5 cxd5 10.Nxd5 Bb7 11.Bg5 Rc8 12.Bxf6 Nxf6 13.Nxf6+ Bxf6 14.Qd3 Rc5 15.Rad1 Qc8
16.Nd2 Bg5 17.Bb3 Rd8 18.Nb1 d5 19.exd5 Bxd5 20.Bxd5 Rcxd5 21.Qxd5 Rxd5 22.Rxd5 Qxc2
23.Rdxe5 h6 24.R5e2 Qxa4 25.Nc3 Qb3 26.Ne4 a5 27.Nxg5 hxg5  1/2-1/2

[Event "South America zt"]
[Site "Cordoba"]
[Date "1998.??.??"]
[Round "11"]
[White "Malbran, Guillermo"]
[Black "Toloza, Pablo"]
[Result "0-1"]
[WhiteElo "2430"]
[BlackElo "2350"]

1.e4 d6 2.d4 Nf6 3.Nc3 e5 4.dxe5 dxe5 5.Qxd8+ Kxd8 6.Bc4 Ke8 7.Nf3 Bd6 8.Bg5 Nbd7
9.Nd2 h6 10.Bh4 a6 11.a4 Nh5 12.Nd5 c6 13.Ne3 Nc5 14.f3 Nf4 15.Bg3 Be6 16.Bxe6 Ncxe6
17.Nf5 Bf8 18.Bxf4 Nxf4 19.g3 Ne6 20.Nc4 g6 21.Nfd6+ Bxd6 22.Nxd6+ Ke7 23.Nxb7 Rab8
24.Na5 Rxb2 25.Nxc6+ Kf6 26.O-O-O Rb6 27.Na5 Rc8 28.Rhf1 Nd4 29.Rf2 Rc5 30.f4 Rxa5
31.fxe5+ Kxe5 32.Rxf7 Rc5 33.Rf2 Rbc6 34.Kb1 Rxc2 35.Rxc2 Nxc2 36.Rd8 Kxe4  0-1

[Event "CZE-ch U18"]
[Site "CZE"]
[Date "1998.??.??"]
[Round "?"]
[White "Bujak, Michal"]
[Black "Adamek, Petr"]
[Result "0-1"]
[WhiteElo "1780"]
[BlackElo "2035"]

1.e4 d6 2.d4 Nf6 3.Nc3 c6 4.a4 Qa5 5.Bd2 e5 6.dxe5 dxe5 7.Nf3 Qc7 8.Bc4 Bg4
9.h3 Bh5 10.Qe2 Be7 11.a5 Nbd7 12.O-O O-O 13.Na4 b5 14.axb6 axb6 15.Nc3 b5
16.Bd3 Nc5 17.Qe3 Ne6 18.Ne2 Bc5 19.Ned4 Nxd4 20.Qg5 Bxf3  0-1

[Event "CZE-chT2 9899"]
[Site "CZE"]
[Date "1998.??.??"]
[Round "?"]
[White "Vyhnalek, Bohuslav"]
[Black "Benes, Petr"]
[Result "1-0"]
[WhiteElo "2220"]
[BlackElo "2230"]

1.e4 d6 2.d4 Nf6 3.Nc3 c6 4.f4 Qa5 5.Bd3 Nbd7 6.e5 Nd5 7.Nf3 e6 8.O-O Nxc3
9.bxc3 h6 10.Bd2 dxe5 11.fxe5 Be7 12.Qe1 Qc7 13.Qg3 g5 14.Qh3 Nf8 15.Nxg5 Rg8
16.Nxf7  1-0

[Event "CZE-chT2 9798"]
[Site "CZE"]
[Date "1998.??.??"]
[Round "7.7"]
[White "Orsag, Miroslav"]
[Black "Benes, Petr"]
[Result "1-0"]
[WhiteElo "2140"]
[BlackElo "2230"]

1.e4 d6 2.d4 Nf6 3.Nc3 c6 4.Nf3 Qa5 5.Bd3 e5 6.h3 Be7 7.a3 Qc7 8.b4 O-O 9.O-O Nbd7
10.Bb2 a5 11.Ne2 Re8 12.Ng3 g6 13.c4 Bf8 14.Qc2 b6 15.bxa5 Rxa5 16.Bc3 Ra8
17.Rfb1 Ba6 18.a4 Reb8 19.Qb2 d5 20.dxe5 Nxe4 21.Bxe4 dxe4 22.Nd2 e3 23.fxe3 Bg7
24.e6 Bxc3 25.Qxc3 fxe6 26.Nge4 Rf8 27.Nf3 Rf5 28.Rd1 Nc5 29.Nf6+ Kf8 30.e4 Rf4
31.Ng5 e5 32.Rd7 Qxd7 33.Nxd7+ Nxd7 34.Ne6+ Kg8 35.Nxf4 exf4 36.Rd1 Nc5 37.Qf6 Bb7
38.Rd8+ Rxd8 39.Qxd8+ Kg7 40.Qxb6  1-0

[Event "CZE-chT2 9798"]
[Site "CZE"]
[Date "1998.??.??"]
[Round "9.3"]
[White "Roj, Miroslav"]
[Black "Moravec, Michal"]
[Result "1/2-1/2"]
[WhiteElo "2180"]
[BlackElo "2235"]

1.e4 d6 2.d4 Nf6 3.Nc3 c6 4.f4 Qa5 5.Bd3 e5 6.Nf3 Nbd7 7.h3 Nh5 8.g4 Nxf4
9.Bxf4 exf4 10.Qd2 Be7 11.Qxf4 Nf8 12.O-O-O Ng6 13.Qg3 b5 14.Kb1 b4 15.Ne2 Be6
16.Nc1 O-O 17.h4 h5 18.gxh5 Qxh5 19.Rdg1 Rad8 20.Ng5 Bc8 21.e5 f5 22.exf6 Rxf6
23.Ne4 Re6 24.Ng5 Rf6 25.Ne4 Re6 26.Ng5  1/2-1/2

[Event "POL-ch sf"]
[Site "Czestochowa"]
[Date "1998.??.??"]
[Round "1"]
[White "Pinski, Jan"]
[Black "Gawronski, Miroslaw"]
[Result "1-0"]
[WhiteElo "2320"]
[BlackElo "2155"]

1.e4 d6 2.d4 Nf6 3.Nc3 c6 4.f4 Qa5 5.Bd2 e5 6.Nd5 Qd8 7.Nxf6+ Qxf6 8.dxe5 dxe5
9.Nf3 Nd7 10.f5 Nc5 11.Qe2 Qe7 12.O-O-O a5 13.Qe3 Qc7 14.Bc3 f6 15.g4 Na4
16.g5 Bb4 17.Bxb4 axb4 18.gxf6 gxf6 19.Qh6 Qf7 20.Bc4 Qf8 21.Qh5+ Ke7 22.Nxe5 Ra5
23.Nf7 Rg8 24.e5 Rg2 25.exf6+ Kxf6 26.Qh4+ Kxf5 27.Rhf1+ Kg6 28.Rf6+  1-0

[Event "POL-ch sf"]
[Site "Czestochowa"]
[Date "1998.??.??"]
[Round "5"]
[White "Liwak, Przemyslaw"]
[Black "Kempa, Stefan"]
[Result "1-0"]
[WhiteElo "2230"]
[BlackElo "2145"]

1.e4 d6 2.d4 Nf6 3.Nc3 c6 4.Be3 Nbd7 5.Qd2 e5 6.f3 Be7 7.O-O-O a6 8.g4 b5
9.h4 Bb7 10.Nce2 h5 11.g5 Nh7 12.Ng3 g6 13.f4 exf4 14.Bxf4 d5 15.exd5 cxd5
16.Bd3 Nhf8 17.Re1 Rg8 18.Nf3 Ne6 19.Ne5 Nxe5 20.Bxe5 Kd7 21.Rhf1 Rf8 22.Rf2 Bd6
23.Bxd6 Kxd6 24.Rf6 Bc8 25.Re5 Kc7 26.Qa5+ Kb8 27.Qxd8 Nxd8 28.Bxg6 Be6 29.Bxh5 Rh8
30.g6 Ra7 31.g7 Rg8 32.Rg5 Kc7 33.Bg4 Kd6 34.Nf5+  1-0

[Event "POL-ch sf"]
[Site "Czestochowa"]
[Date "1998.??.??"]
[Round "6"]
[White "Hnydiuk, Aleksander"]
[Black "Pedzich, Dominik"]
[Result "0-1"]
[WhiteElo "2310"]
[BlackElo "2435"]

1.e4 d6 2.d4 Nf6 3.Nc3 e5 4.Nf3 Nbd7 5.Bc4 Be7 6.O-O O-O 7.Re1 c6 8.a4 b6
9.d5 cxd5 10.Bxd5 Nxd5 11.Qxd5 Ba6 12.Be3 Rc8 13.a5 Bc4 14.Qd2 bxa5 15.b3 Be6
16.Nb5 Nc5 17.Nxa7 Nxe4 18.Qd3 Nc5 19.Qb5 Rc7 20.Nc6 Qd7 21.Nxe7+ Qxe7 22.Qxa5 Rfc8
23.Qa3 h6 24.Nd2 d5 25.f4 Qf6 26.fxe5 Qg6 27.Nf3 Ne4 28.c4 dxc4 29.bxc4 Rxc4
30.Re2 Nc3 31.Rf2 Qd3 32.Re1 Ne2+  0-1

[Event "Decin op-A"]
[Site "Decin"]
[Date "1998.??.??"]
[Round "9"]
[White "Alekseev, Andrey"]
[Black "Hausner, Ivan"]
[Result "1-0"]
[WhiteElo "2270"]
[BlackElo "2405"]

1.e4 d6 2.d4 Nf6 3.Nc3 c6 4.f4 Qa5 5.e5 Ne4 6.Bd3 Nxc3 7.Qd2 g6 8.bxc3 Bf5
9.Nf3 e6 10.O-O d5 11.h3 h5 12.a4 Nd7 13.Ba3 Bxa3 14.Rxa3 Qd8 15.Rb1 b6 16.c4 Qe7
17.Raa1 Kf8 18.Rc1 dxc4 19.Bxc4 Kg7 20.Bd3 Rhd8 21.Bxf5 exf5 22.c4 Nc5 23.Qb4  1-0

[Event "Decin op-A"]
[Site "Decin"]
[Date "1998.??.??"]
[Round "9"]
[White "Janturin, Artur"]
[Black "Krapivin, Vladislav"]
[Result "0-1"]
[WhiteElo "2210"]
[BlackElo "2375"]

1.e4 d6 2.d4 Nf6 3.Nc3 e5 4.Nf3 Nbd7 5.Bc4 Be7 6.O-O O-O 7.Qe2 c6 8.dxe5 dxe5
9.a4 a5 10.Rd1 Qc7 11.Nh4 Nc5 12.Nf5 Be6 13.Bg5 h6 14.Bxf6 Bxf6 15.Bxe6 Nxe6
16.g3 Kh7 17.Qc4 g6 18.Ne3 h5 19.Rd3 Rad8 20.Rad1 Rd4 21.Qa2 Nc5 22.R3d2 Rfd8
23.Nf1 Kg7 24.f3 Qb6 25.Kg2 Bg5 26.Rxd4 exd4 27.Nb1 Qb4 28.c3 dxc3  0-1

[Event "Dieren op"]
[Site "Dieren"]
[Date "1998.??.??"]
[Round "2"]
[White "Van der Weide, Karel"]
[Black "Jonker, Marc"]
[Result "1-0"]
[WhiteElo "2450"]
[BlackElo "2285"]

1.e4 d6 2.d4 Nf6 3.Nc3 c6 4.g3 e5 5.Nge2 Nbd7 6.Bg2 Be7 7.O-O O-O 8.a4 Re8
9.h3 Bf8 10.Be3 b6 11.g4 h6 12.Qd2 Bb7 13.Ng3 a6 14.d5 cxd5 15.Nxd5 Nxd5
16.exd5 Rc8 17.Rfc1 a5 18.b4 Ba6 19.Rab1 Bc4 20.Rb2 Qc7 21.Rcb1 axb4 22.Rxb4 Rb8
23.Qc3 Rec8 24.Qb2 Qa7 25.a5 Qb7 26.axb6 Bxd5 27.Bxd5 Qxd5 28.b7 Rc5 29.Bxc5 Nxc5
30.Qa3  1-0

[Event "Dieren op"]
[Site "Dieren"]
[Date "1998.??.??"]
[Round "3"]
[White "Tagnon, Nicole"]
[Black "Cifuentes Parada, Roberto"]
[Result "0-1"]
[WhiteElo "2080"]
[BlackElo "2535"]

1.e4 d6 2.d4 Nf6 3.Nc3 e5 4.Nf3 Nbd7 5.Bc4 Be7 6.O-O O-O 7.Bb3 c6 8.Re1 b5
9.d5 Bb7 10.Qe2 b4 11.dxc6 Bxc6 12.Nd5 Nc5 13.Qc4 a5 14.c3 Rb8 15.Bc2 Nxd5
16.exd5 Bb5 17.Qg4 Bd3 18.Bxd3 Nxd3 19.Bh6 Bf6 20.Re3 Nxb2 21.Nh4 Kh8 22.Nf5 gxh6
23.Nxh6 Bg5 24.Rh3 Bxh6 25.Rxh6 Rg8 26.Qe4 Rg6 27.Rh3 Na4 28.Qf5 Qg5  0-1

[Event "Dieren op"]
[Site "Dieren"]
[Date "1998.??.??"]
[Round "9"]
[White "Bertholee, Rob"]
[Black "Cifuentes Parada, Roberto"]
[Result "1/2-1/2"]
[WhiteElo "2340"]
[BlackElo "2535"]

1.e4 d6 2.d4 Nf6 3.Nc3 e5 4.Nf3 Nbd7 5.Bc4 Be7 6.O-O O-O 7.a4 c6 8.a5 Qc7
9.Qe2 Rb8 10.Be3 b5 11.axb6 axb6 12.d5 Bb7 13.dxc6 Bxc6 14.Bg5 h6 15.Bxf6 Nxf6
16.Rfd1 Rfc8 17.Ba6 Bb7 18.Bxb7 Rxb7 19.Ne1 Qc4 20.Qxc4 Rxc4 21.Ra8+ Kh7
22.f3 b5 23.Nd5 Nxd5 24.Rxd5 g6 25.Ra5 Rc5 26.Kf1 Kg7 27.c3 Rxd5 28.exd5 f5
29.Ke2 Kf6 30.Nc2 Bd8 31.Ra6 Bc7 32.Nb4 h5 33.Nc6 Bb6 34.Ra8 h4 35.Rh8 Kg5
36.Nd8 Bxd8 37.Rxd8 Rb6 38.Rc8 Kf6 39.Re8 Ra6 40.Kd3 Ra1 41.Re6+ Kf7 42.Rxd6 Rg1
43.Rc6 Rd1+ 44.Ke3 Rxd5 45.Rb6 Rc5 46.g3 hxg3 47.hxg3 Kg7 48.g4 fxg4 49.fxg4 Kf7
50.Ke4 Ke7 51.Kd3 Rd5+ 52.Ke3 Rc5 53.Ke4 Kf7 54.Kd3 Rd5+ 55.Ke3 Rc5 56.Ke4 Ke7
57.g5 Kf7 58.Rf6+ Ke7 59.Rxg6 b4 60.cxb4 Rb5 61.Ra6 Rxb4+ 62.Kf5 Rxb2 63.Ra7+ Kd6
64.g6 Rf2+ 65.Kg5 Rg2+ 66.Kh6 Rh2+ 67.Kg7 e4 68.Kf8 Rf2+ 69.Rf7 e3 70.g7 Rxf7+
71.Kxf7 e2 72.g8=Q e1=Q 73.Qd8+ Kc6  1/2-1/2